Monstros e Criaturas Mitológicas - Statistics

Estatísticas Gerais
  • Esse quiz foi jogado 65 vezes
  • A pontuação média é 17 de 24
Estatísticas das Respostas
Imagem Hint Resposta % Correto
Uma das mais clássicas Dragão
94%
"Ressurge como uma..." Fênix
94%
Uma das mais clássicas Sereia
94%
Uma das mais clássicas Unicórnio
94%
Te petrifica e tem cabelo de cobra Medusa / Górgona
92%
É o da esquerda, Folclore Brasileiro Curupira ( Junto com o Lula )
89%
Mitologia Grega Minotauro
89%
Folclore Brasileiro Mula sem cabeça
89%
Sítio do Pica Pau Amarelo Cuca
87%
Mitologia Grega Pégaso
87%
Uma das mais clássicas do folclore brasileiro Saci pererê
87%
AUUUUUUUUU Lobisomem
81%
Mitologia Grega Ciclope
75%
Mitologia Grega Centauro
74%
Folclore Brasileiro Boitatá
70%
Pra assustar criança Bicho Papão
68%
O cão do inferno Cérbero
60%
Sempre que cai uma cabeça, nasce duas no lugar Hidra
60%
Mitologia Grega Ninfa
45%
Lagarto, tem em Harry Potter Basilisco
42%
Mitologia Grega Quimera
40%
Mitologia Grega Sátiro
34%
Lovecraftiano, famoso polvo com asas de dragão Cthulhu
25%
Mitologia Árabe, não é Gênio da Lâmpada, aparece em The Witcher Djinn
11%
Nenhum quiz correspondente encontrado
Distribuição das Pontuações
Porcentagem de Pessoas com Cada Pontuação
Percentil de Números Respondidos
Sua Pontuação Histórica
Você não jogou esse quiz